000 00274nam a2200133Ia 4500
100 _aChurchill/ S/C.
942 _cBK
654 _aSoldering
245 _aSoldering
260 _bMachinery Publication & co
_c2001
082 _a671.5
300 _a147
546 _aENGLISH
999 _c26506
_d26506